00639nam a2200205Ia 4500008004100000020001500041082000800056100001700064245003400081250000600115260003500121300001700156500002400173650001000197700001600207942000700223952009300230952009300323999001700416230524s9999 xx 000 0 und d a8174092056 bVAZ aV.N.Vazirani 0aAnalysis of Structures Vol-II a6 aDelhibkhanna publishersc2015 a"xvi,1333p;" aQuantity Number: 2 aCivil aM.M.Ratwani cBK 00104070aTATCLbTATCLcGENd2023-05-24l0o VAZp55498r2023-05-24t2w2023-05-24yBK 00104070aTATCLbTATCLcGENd2023-05-24l0o VAZp55499r2023-05-24t2w2023-05-24yBK c58599d58599